[Event "77 España ch 2012"]
[Site "Maspalomas ESP"]
[Date "2012.10.01"]
[Round "3.34"]
[White "Alonso Valiente, Alexis"]
[Black "Gonzalez Armas, Dinia"]
[Result "1-0"]
[WhiteElo "2049"]
[BlackElo "1696"]
[PlyCount "56"]
[EventDate "2012.09.29"]
[EventType "swiss"]
[EventRounds "9"]
[EventCountry "ESP"]
[Source "lmi"]
[SourceDate "2012.09.29"]

1. d4 Nf6 2. Nf3 d5 3. Bf4 e6 4. e3 Be7 5. h3 b6 6. c3 O-O 7. Qa4 Bb7 8. Nbd2
Qd7 9. Bb5 c6 10. Bd3 Qe8 11. Ne5 Nfd7 12. Ndf3 f6 13. Nxd7 Nxd7 14. O-O Kh8
15. e4 Qf7 16. Rfe1 Rfe8 17. Re2 Bf8 18. exd5 exd5 19. Rae1 b5 20. Qc2 g6 21.
Nh2 Rxe2 22. Qxe2 Nb6 23. Ng4 Nd7 24. Nh6 Bxh6 25. Bxh6 Kg8 26. Qe7 Nb6 27. Bf4
Rc8 28. Bd6 Ra8 1-0

[Event "77 España ch 2012"]
[Site "Maspalomas ESP"]
[Date "2012.10.01"]
[Round "3.35"]
[White "Ramirez Maillo, Juan Adonay"]
[Black "Garcia Caballero, Luis"]
[Result "0-1"]
[WhiteElo "1645"]
[BlackElo "2034"]
[PlyCount "48"]
[EventDate "2012.09.29"]
[EventType "swiss"]
[EventRounds "9"]
[EventCountry "ESP"]
[Source "lmi"]
[SourceDate "2012.09.29"]

1. e4 e5 2. Nf3 Nf6 3. Nxe5 d6 4. Nf3 Nxe4 5. Nc3 Nf6 6. d4 Bg4 7. Bd3 Be7 8.
O-O Nc6 9. Be3 O-O 10. Ne4 Nd5 11. c4 Nxe3 12. fxe3 f5 13. Ng3 Bg5 14. Qe1 Bh6
15. d5 Bxf3 16. Rxf3 Ne5 17. Qe2 Nxf3+ 18. Qxf3 Qg5 19. Nxf5 Kh8 20. h4 Qf6 21.
Rf1 Qxb2 22. Rb1 Qd2 23. Qe4 Rae8 24. Qg4 Qxd3 0-1

[Event "77 España ch 2012"]
[Site "Maspalomas ESP"]
[Date "2012.10.01"]
[Round "3.36"]
[White "Morales Quintero, Jose Miguel"]
[Black "Sosa Iglesias, Rayco"]
[Result "1-0"]
[WhiteElo "2012"]
[BlackElo "1640"]
[PlyCount "57"]
[EventDate "2012.09.29"]
[EventType "swiss"]
[EventRounds "9"]
[EventCountry "ESP"]
[Source "lmi"]
[SourceDate "2012.09.29"]

1. c4 e6 2. Nf3 Nf6 3. g3 Be7 4. Bg2 O-O 5. O-O d5 6. d4 Nbd7 7. b3 c5 8. cxd5
Nxd5 9. Bb2 cxd4 10. Nxd4 Bf6 11. Nd2 g6 12. Ne4 Bg7 13. Qd2 N7f6 14. Nc5 b6
15. Na4 Bb7 16. Rfd1 Qe7 17. Rac1 Rac8 18. Nb5 Rfd8 19. Rxc8 Rxc8 20. Nxa7 Ra8
21. Nb5 Bc6 22. Nbc3 b5 23. Nb6 Nxc3 24. Bxc6 Rb8 25. Bxc3 Rxb6 26. Qd8+ Qxd8
27. Rxd8+ Bf8 28. Bxf6 Rxc6 29. Be7 1-0

[Event "77 España ch 2012"]
[Site "Maspalomas ESP"]
[Date "2012.10.01"]
[Round "3.37"]
[White "Cruz Pino, Adrian"]
[Black "Perez Hernandez, Juan Manuel"]
[Result "1-0"]
[WhiteElo "2008"]
[BlackElo "1623"]
[PlyCount "68"]
[EventDate "2012.09.29"]
[EventType "swiss"]
[EventRounds "9"]
[EventCountry "ESP"]
[Source "lmi"]
[SourceDate "2012.09.29"]

1. e4 e5 2. Nf3 Nc6 3. Bb5 Nf6 4. O-O Bc5 5. Bxc6 dxc6 6. Nxe5 O-O 7. d3 Bd6 8.
Nf3 Ng4 9. h3 Ne5 10. Nbd2 c5 11. Nxe5 Bxe5 12. f4 Bd4+ 13. Kh2 Bf6 14. Nf3 b6
15. Qe1 Bb7 16. g4 g6 17. Rb1 Re8 18. b3 Bg7 19. Bd2 Qd7 20. Bc3 f6 21. Qh4 Qd6
22. Qg3 Re7 23. Rbe1 Rae8 24. f5 Qxg3+ 25. Kxg3 g5 26. Nxg5 h6 27. Ne6 Rxe6 28.
fxe6 Rxe6 29. Rf5 Bc8 30. Rd5 Kf7 31. Rd8 Re8 32. Rxe8 Kxe8 33. e5 Kf7 34. exf6
Bxf6 1-0

[Event "77 España ch 2012"]
[Site "Maspalomas ESP"]
[Date "2012.10.01"]
[Round "3.38"]
[White "Sanchez Ramirez, Gustavo"]
[Black "Arnaiz Yanes, Miguel Angel"]
[Result "0-1"]
[WhiteElo "1591"]
[BlackElo "2004"]
[PlyCount "94"]
[EventDate "2012.09.29"]
[EventType "swiss"]
[EventRounds "9"]
[EventCountry "ESP"]
[Source "lmi"]
[SourceDate "2012.09.29"]

1. e4 e5 2. Nf3 Nc6 3. d4 exd4 4. Nxd4 Bc5 5. Be3 Qf6 6. c3 Nge7 7. Bc4 O-O 8.
Nxc6 Qxc6 9. Bxc5 Qxc5 10. Qd4 Qg5 11. O-O d6 12. f4 Qh5 13. Rf3 Nc6 14. Qe3
Be6 15. Nd2 Rae8 16. Raf1 Bxc4 17. Nxc4 d5 18. Rh3 Qg4 19. Rg3 Qh5 20. Rg5 Qh6
21. Rxd5 Qe6 22. Re1 Ne7 23. f5 Nxd5 24. exd5 Qxe3+ 25. Rxe3 Rxe3 26. Nxe3 f6
27. Kf2 Kf7 28. Nc2 Rd8 29. Ne3 c6 30. dxc6 bxc6 31. Ke2 Ke7 32. Nc4 Rd5 33.
Ne3 Rb5 34. b4 Kd6 35. g4 Rb8 36. Kd3 Ke5 37. a4 Rd8+ 38. Ke2 Kf4 39. Nc2 Kxg4
40. Nd4 Rc8 41. Ne6 g6 42. Kf2 Kxf5 43. Nd4+ Ke4 44. Ke2 Kd5 45. Kd3 c5 46.
bxc5 Kxc5 47. c4 Rd8 0-1

[Event "77 España ch 2012"]
[Site "Maspalomas ESP"]
[Date "2012.10.01"]
[Round "3.39"]
[White "Camino Carrio, Nicanor"]
[Black "Guerrero Orihuela, Jose Luis"]
[Result "1-0"]
[WhiteElo "1994"]
[BlackElo "1562"]
[PlyCount "79"]
[EventDate "2012.09.29"]
[EventType "swiss"]
[EventRounds "9"]
[EventCountry "ESP"]
[Source "lmi"]
[SourceDate "2012.09.29"]

1. e4 c5 2. Nf3 e6 3. d4 cxd4 4. Nxd4 a6 5. Nc3 b5 6. Bd3 d6 7. O-O Nf6 8. a4
b4 9. Na2 Bb7 10. Re1 Nbd7 11. Bd2 Qb6 12. Be3 Qc7 13. Bg5 Be7 14. Qd2 a5 15.
Nb5 Qb8 16. c3 Nc5 17. Rad1 Nfxe4 18. Bxe4 Nxe4 19. Rxe4 Bxe4 20. Bxe7 Kxe7 21.
Qg5+ Kf8 22. Rxd6 Bd5 23. c4 Bxc4 24. Qc5 Kg8 25. Qxc4 Qc8 26. Rc6 Qd7 27. h3
Qd1+ 28. Kh2 Rd8 29. Nc1 h5 30. Nb3 Qe1 31. Qh4 f6 32. Qg3 Rd1 33. Qg6 Qg1+ 34.
Kg3 h4+ 35. Kf3 Rd8 36. Rc1 Qh2 37. Rc7 Rh7 38. Qf7+ Kh8 39. Re7 Rg8 40. Re8
1-0

[Event "77 España ch 2012"]
[Site "Maspalomas ESP"]
[Date "2012.10.01"]
[Round "3.40"]
[White "Aleman Alamo, Nicolas"]
[Black "Boutahar Belgasi, Tarik"]
[Result "0-1"]
[WhiteElo "1549"]
[BlackElo "1994"]
[PlyCount "88"]
[EventDate "2012.09.29"]
[EventType "swiss"]
[EventRounds "9"]
[EventCountry "ESP"]
[Source "lmi"]
[SourceDate "2012.09.29"]

1. d4 c5 2. d5 Nf6 3. c4 b5 4. Qc2 e6 5. e4 bxc4 6. Bxc4 exd5 7. exd5 d6 8. Nc3
g6 9. Nf3 Bg7 10. Qe2+ Kf8 11. O-O Bg4 12. Re1 Nfd7 13. Bg5 f6 14. Bf4 Ne5 15.
Bxe5 fxe5 16. Qe4 Bf5 17. Qe3 Bf6 18. Ne4 Bxe4 19. Qxe4 Kg7 20. Rab1 a5 21. Re3
Rf8 22. h4 Bxh4 23. Qxh4 Qxh4 24. Nxh4 Rf4 25. Bb5 Rxh4 26. Rd1 Rb4 27. Rb3
Rxb3 28. axb3 Ra7 29. Rd2 Rb7 30. Bc4 Rb4 31. Kf1 Nd7 32. Ke1 Nb6 33. Rc2 a4
34. Rc3 Nxc4 35. Rxc4 Rxc4 36. bxc4 Kf6 37. Ke2 Kf5 38. Ke3 h5 39. g3 e4 40. f3
exf3 41. Kxf3 g5 42. Ke3 h4 43. gxh4 gxh4 44. Kf3 Ke5 0-1

[Event "77 España ch 2012"]
[Site "Maspalomas ESP"]
[Date "2012.10.01"]
[Round "3.41"]
[White "Henriquez Garcia, David"]
[Black "Roque Hernandez, Francisco"]
[Result "1-0"]
[WhiteElo "1993"]
[BlackElo "1548"]
[PlyCount "51"]
[EventDate "2012.09.29"]
[EventType "swiss"]
[EventRounds "9"]
[EventCountry "ESP"]
[Source "lmi"]
[SourceDate "2012.09.29"]

1. e4 d6 2. d4 Nf6 3. Nc3 g6 4. f4 Bg7 5. Nf3 Bg4 6. Be2 c6 7. O-O Qc7 8. h3
Bxf3 9. Bxf3 h5 10. e5 Ng4 11. hxg4 hxg4 12. Bxg4 e6 13. Ne4 d5 14. Nd6+ Ke7
15. Qd3 Nd7 16. b3 Rh4 17. Ba3 c5 18. Bh3 b6 19. c4 Qc6 20. Qg3 Rah8 21. Qg5+
f6 22. Qxg6 R4h7 23. Qf7+ Kd8 24. Qxe6 Rxh3 25. gxh3 Nxe5 26. Nf7+ 1-0

[Event "77 España ch 2012"]
[Site "Maspalomas ESP"]
[Date "2012.10.01"]
[Round "3.42"]
[White "Perez Barreto, Adrian"]
[Black "Biscarri Candalia, Oscar"]
[Result "1-0"]
[WhiteElo "1966"]
[BlackElo "1531"]
[PlyCount "47"]
[EventDate "2012.09.29"]
[EventType "swiss"]
[EventRounds "9"]
[EventCountry "ESP"]
[Source "lmi"]
[SourceDate "2012.09.29"]

1. d4 d5 2. c4 e6 3. Nc3 Nf6 4. cxd5 exd5 5. Bg5 c6 6. Qc2 Nbd7 7. e3 Qa5 8.
Bd3 Be7 9. Nf3 Nf8 10. O-O h6 11. Bh4 Qd8 12. Rab1 Be6 13. b4 a6 14. a4 N6d7
15. Bg3 Nb6 16. b5 Nc4 17. Bxc4 dxc4 18. bxc6 bxc6 19. e4 Bd6 20. d5 cxd5 21.
exd5 Bg4 22. Rfe1+ Be6 23. dxe6 Nxe6 24. Rbd1 1-0

[Event "77 España ch 2012"]
[Site "Maspalomas ESP"]
[Date "2012.10.01"]
[Round "3.43"]
[White "Suarez Buceta, Melquiades"]
[Black "Alvarez Pedrosa, Valeriano"]
[Result "0-1"]
[WhiteElo "1425"]
[BlackElo "1947"]
[PlyCount "90"]
[EventDate "2012.09.29"]
[EventType "swiss"]
[EventRounds "9"]
[EventCountry "ESP"]
[Source "lmi"]
[SourceDate "2012.09.29"]

1. c4 Nf6 2. Nc3 g6 3. d3 Bg7 4. g3 O-O 5. Bg2 d6 6. Nf3 Nc6 7. O-O e5 8. Bg5
h6 9. Bd2 Bg4 10. Qc1 Kh7 11. Rb1 Qd7 12. Bh1 Nd4 13. Re1 Nxf3+ 14. exf3 Bf5
15. Ne4 Ne8 16. f4 exf4 17. Bxf4 g5 18. Bd2 Bg6 19. Bc3 f5 20. Bxg7 Nxg7 21.
Nc3 c6 22. Qd2 Rae8 23. b4 Nh5 24. b5 Nf6 25. a4 f4 26. Rxe8 Rxe8 27. a5 fxg3
28. fxg3 cxb5 29. Rxb5 Rb8 30. Nd5 Nxd5 31. Rxd5 b6 32. axb6 Rxb6 33. Be4 Qf7
34. Qa2 Qg7 35. Bxg6+ Kxg6 36. Qc2 Qa1+ 37. Kg2 Rb2 38. Rxd6+ Kf7 39. Qxb2
Qxb2+ 40. Kh3 a5 41. Rxh6 a4 42. Kg4 a3 43. Ra6 a2 44. h3 a1=Q 45. Rxa1 Qxa1
0-1

[Event "77 España ch 2012"]
[Site "Maspalomas ESP"]
[Date "2012.10.01"]
[Round "3.44"]
[White "Galvan Sarmiento, Jose Luis"]
[Black "Suarez Ramirez, Jonay"]
[Result "1-0"]
[WhiteElo "1938"]
[BlackElo "1523"]
[PlyCount "67"]
[EventDate "2012.09.29"]
[EventType "swiss"]
[EventRounds "9"]
[EventCountry "ESP"]
[Source "lmi"]
[SourceDate "2012.09.29"]

1. d4 Nf6 2. Nf3 d5 3. Bf4 Bg4 4. Ne5 Bf5 5. e3 e6 6. Nd2 c5 7. c3 Nc6 8. Bb5
Rc8 9. Nxc6 bxc6 10. Ba6 cxd4 11. exd4 Rc7 12. Bxc7 Qxc7 13. Be2 Bd6 14. Nf3
O-O 15. Nh4 Bxh2 16. Nxf5 exf5 17. Qd3 Ne4 18. Qh3 Qf4 19. Qxh2 Qxf2+ 20. Kd1
h6 21. Rf1 Qe3 22. Qf4 Qxf4 23. Rxf4 Re8 24. Bd3 g6 25. Bxe4 fxe4 26. Rf6 Rc8
27. Kd2 Rc7 28. b4 a6 29. Raf1 h5 30. Kc2 Kg7 31. Kb3 e3 32. R6f3 Re7 33. Re1
e2 34. Rf2 1-0

[Event "77 España ch 2012"]
[Site "Maspalomas ESP"]
[Date "2012.10.01"]
[Round "3.45"]
[White "Alarcon Olmos, Daniel"]
[Black "Nicolas Fernandez, Juan Antoni"]
[Result "1-0"]
[WhiteElo "1901"]
[BlackElo "1417"]
[PlyCount "62"]
[EventDate "2012.09.29"]
[EventType "swiss"]
[EventRounds "9"]
[EventCountry "ESP"]
[Source "lmi"]
[SourceDate "2012.09.29"]

1. e4 d5 2. Nc3 dxe4 3. Nxe4 Bf5 4. Ng3 Bg6 5. h4 h6 6. d4 Nf6 7. h5 Bh7 8. Bd3
Nc6 9. Bxh7 Nxh7 10. d5 Nb4 11. c4 Na6 12. Qb3 Nc5 13. Qb5+ Nd7 14. Qxb7 Rb8
15. Qxa7 e6 16. Qe3 Bb4+ 17. Bd2 Bxd2+ 18. Qxd2 O-O 19. dxe6 Re8 20. N1e2 Rxe6
21. O-O Qe7 22. Nd4 Rd6 23. Ngf5 Qe5 24. Nxd6 Qxd6 25. Rfe1 Ne5 26. Rxe5 c5 27.
Rd5 Qf6 28. Nb5 Ng5 29. Rd1 Nf3+ 30. gxf3 Qxf3 31. Rd8+ Kh7 1-0

[Event "77 España ch 2012"]
[Site "Maspalomas ESP"]
[Date "2012.10.01"]
[Round "3.46"]
[White "Gonzalez Acosta, Pablo"]
[Black "Rossello Padron, Carlos"]
[Result "0-1"]
[WhiteElo "1906"]
[BlackElo "1882"]
[PlyCount "108"]
[EventDate "2012.09.29"]
[EventType "swiss"]
[EventRounds "9"]
[EventCountry "ESP"]
[Source "lmi"]
[SourceDate "2012.09.29"]

1. d4 Nf6 2. Nf3 d5 3. e3 c5 4. c3 e6 5. Bd3 Nc6 6. Nbd2 Be7 7. O-O O-O 8. b3
Qc7 9. Bb2 cxd4 10. cxd4 Nb4 11. Rc1 Qb6 12. Bb1 Bd7 13. a3 Bb5 14. axb4 Bxf1
15. Qxf1 Bxb4 16. Qd3 Rfc8 17. Rxc8+ Rxc8 18. e4 g6 19. e5 Nh5 20. g3 Qa5 21.
Nf1 Bc3 22. Bxc3 Rxc3 23. Qd2 Qa1 24. Bd3 Kg7 25. g4 Rxd3 26. Qxd3 Nf4 27. Qe3
g5 28. Nxg5 Qxd4 29. Qxd4 Ne2+ 30. Kg2 Nxd4 31. Nd2 a5 32. Ngf3 Ne2 33. Kf1 Nf4
34. Nb1 Nd3 35. Nc3 f6 36. exf6+ Kxf6 37. Nb5 e5 38. Nd6 b6 39. Nc8 b5 40. Nb6
d4 41. Nd5+ Kf7 42. h4 a4 43. bxa4 bxa4 44. Nd2 Ke6 45. Nc7+ Kd6 46. Nb5+ Kc5
47. Na3 Kb4 48. Ndb1 e4 49. g5 Nf4 50. Nc2+ Kc4 51. f3 e3 52. Ke1 Ng2+ 53. Ke2
d3+ 54. Kf1 dxc2 0-1

[Event "77 España ch 2012"]
[Site "Maspalomas ESP"]
[Date "2012.10.01"]
[Round "3.49"]
[White "Garceran Izquierdo, Ruben"]
[Black "Ruiz Delgado, Basilio"]
[Result "1/2-1/2"]
[WhiteElo "1719"]
[BlackElo "1718"]
[PlyCount "62"]
[EventDate "2012.09.29"]
[EventType "swiss"]
[EventRounds "9"]
[EventCountry "ESP"]
[Source "lmi"]
[SourceDate "2012.09.29"]

1. c4 e5 2. Nc3 Nf6 3. Nf3 Nc6 4. d4 e4 5. Ne5 d6 6. Nxc6 bxc6 7. Bg5 d5 8. c5
Be7 9. Qa4 Bd7 10. Qa5 Nh5 11. Bd2 O-O 12. e3 f5 13. Be2 Nf6 14. O-O-O Ng4 15.
Rdf1 Bh4 16. g3 Bg5 17. h3 Nf6 18. Bd1 Qb8 19. Ne2 Qb5 20. Qxc7 Rfb8 21. b3 Rb7
22. Qa5 Rab8 23. Qxb5 Rxb5 24. a4 R5b7 25. Ba5 Ne8 26. Nf4 Bd8 27. Bd2 Nc7 28.
Bc2 Na6 29. Bd1 Nc7 30. Bc2 Na6 31. Bd1 Nb4 1/2-1/2

[Event "77 España ch 2012"]
[Site "Maspalomas ESP"]
[Date "2012.10.01"]
[Round "3.50"]
[White "Moreno Cameno, Juan Carlos"]
[Black "Garcia Cruz, Jose Manuel"]
[Result "1-0"]
[WhiteElo "1686"]
[BlackElo "1368"]
[PlyCount "66"]
[EventDate "2012.09.29"]
[EventType "swiss"]
[EventRounds "9"]
[EventCountry "ESP"]
[Source "lmi"]
[SourceDate "2012.09.29"]

1. e4 c5 2. Nf3 Nc6 3. d4 cxd4 4. Nxd4 Nf6 5. Nc3 e6 6. Ndb5 d6 7. Bg5 a6 8.
Bxf6 gxf6 9. Nd4 Qb6 10. Nb3 Bd7 11. Qf3 Bg7 12. O-O-O Ne5 13. Qe2 Ke7 14. Kb1
Rac8 15. h3 Nc4 16. Rd4 Na5 17. Qd2 Nxb3 18. axb3 f5 19. Rb4 Bxc3 20. bxc3 Qa7
21. exf5 exf5 22. Bd3 Rc5 23. Qg5+ Ke8 24. Qf6 Rg8 25. Qxd6 Rg6 26. Re1+ Re6
27. Rxe6+ fxe6 28. Qd4 b6 29. Qh8+ Ke7 30. Qxh7+ Kd6 31. Qg7 b5 32. Rh4 a5 33.
Rh7 Rc7 1-0

[Event "77 España ch 2012"]
[Site "Maspalomas ESP"]
[Date "2012.10.01"]
[Round "3.51"]
[White "Perez Castellano, Susana"]
[Black "Agejas Garcia, Diego"]
[Result "1-0"]
[WhiteElo "1876"]
[BlackElo "1390"]
[PlyCount "52"]
[EventDate "2012.09.29"]
[EventType "swiss"]
[EventRounds "9"]
[EventCountry "ESP"]
[Source "lmi"]
[SourceDate "2012.09.29"]

1. e4 e6 2. d4 d5 3. Nc3 Nf6 4. e5 Nfd7 5. Nf3 c5 6. Bb5 a6 7. Bxd7+ Bxd7 8.
O-O Nc6 9. Be3 c4 10. b3 b5 11. Ne2 Be7 12. c3 h6 13. Ng3 O-O 14. Qd2 Bg5 15.
Nxg5 hxg5 16. Bxg5 Qc7 17. Bh4 Rfe8 18. Nh5 Ne7 19. Bxe7 Rxe7 20. Qg5 g6 21.
Qxe7 gxh5 22. Qg5+ Kh7 23. Qxh5+ Kg7 24. Qg5+ Kf8 25. Qh6+ Ke7 26. Qf6+ Ke8 1-0

[Event "77 España ch 2012"]
[Site "Maspalomas ESP"]
[Date "2012.10.01"]
[Round "3.52"]
[White "Suarez Pazos, Alberto"]
[Black "Salazar Martin, Jose Maria"]
[Result "1/2-1/2"]
[WhiteElo "1741"]
[BlackElo "1855"]
[PlyCount "63"]
[EventDate "2012.09.29"]
[EventType "swiss"]
[EventRounds "9"]
[EventCountry "ESP"]
[Source "lmi"]
[SourceDate "2012.09.29"]

1. d4 d5 2. Bg5 Bg4 3. c3 c5 4. Qa4+ Qd7 5. Qb3 c4 6. Qc2 Nf6 7. Bxf6 exf6 8.
Nd2 Bd6 9. Ngf3 Bf5 10. Qd1 O-O 11. e3 Qb5 12. Qc1 Qa5 13. Be2 Nc6 14. O-O Qc7
15. b3 b5 16. b4 g5 17. g3 Kh8 18. Ne1 Rae8 19. Ng2 Kg7 20. Bf3 Bd3 21. Re1 Be4
22. Nxe4 dxe4 23. Bg4 Kg6 24. Qd1 f5 25. Be2 Rh8 26. a4 a6 27. Qc2 h5 28. axb5
axb5 29. Ra6 Ra8 30. Rea1 Rxa6 31. Rxa6 f6 32. h4 1/2-1/2

[Event "77 España ch 2012"]
[Site "Maspalomas ESP"]
[Date "2012.10.01"]
[Round "3.53"]
[White "Morales Sanchez, Domingo"]
[Black "Ramirez Maillo, Cristian"]
[Result "1-0"]
[WhiteElo "1512"]
[BlackElo "1164"]
[PlyCount "59"]
[EventDate "2012.09.29"]
[EventType "swiss"]
[EventRounds "9"]
[EventCountry "ESP"]
[Source "lmi"]
[SourceDate "2012.09.29"]

1. c4 Nf6 2. d4 g6 3. Nc3 Bg7 4. Nf3 O-O 5. g3 d6 6. e4 e5 7. dxe5 dxe5 8. Bg5
Qxd1+ 9. Rxd1 Bg4 10. Be2 Nc6 11. O-O h6 12. Be3 Rad8 13. a3 Bxf3 14. Bxf3 Nd4
15. Bg2 Rd7 16. f3 Rfd8 17. Kf2 a6 18. Bh3 Rd6 19. Rd2 Ne8 20. Rfd1 f5 21. Ne2
fxe4 22. fxe4 Rf6+ 23. Kg2 c5 24. Nxd4 exd4 25. Bf2 Nd6 26. e5 Nxc4 27. exf6
Bxf6 28. Be6+ Kg7 29. Bxc4 Bg5 30. Re2 1-0

[Event "77 España ch 2012"]
[Site "Maspalomas ESP"]
[Date "2012.10.02"]
[Round "4.1"]
[White "Larino Nieto, David"]
[Black "Korneev, Oleg"]
[Result "0-1"]
[WhiteElo "2487"]
[BlackElo "2596"]
[PlyCount "102"]
[EventDate "2012.09.29"]
[EventType "swiss"]
[EventRounds "9"]
[EventCountry "ESP"]
[Source "lmi"]
[SourceDate "2012.09.29"]

1. b3 e5 2. Bb2 Nc6 3. e3 Nf6 4. Bb5 Bd6 5. Bxc6 dxc6 6. d3 Bg4 7. Nf3 e4 8.
dxe4 Bb4+ 9. c3 Qxd1+ 10. Kxd1 Bc5 11. Nbd2 O-O-O 12. Kc2 Rhe8 13. Nd4 Nxe4 14.
Nxe4 Rxe4 15. f3 Rxe3 16. fxg4 Bxd4 17. cxd4 Re2+ 18. Kc3 Rde8 19. Bc1 Rxg2 20.
Bd2 Ree2 21. Rad1 Rxg4 22. Rde1 Rxe1 23. Rxe1 Kd7 24. Rf1 f6 25. Bf4 h5 26. Rf3
g5 27. Bc1 Ke6 28. Re3+ Kf5 29. Re7 Rh4 30. Rxc7 Rh3+ 31. Kb4 Rxh2 32. a4 Rc2
33. Ba3 b6 34. Rxa7 h4 35. d5 cxd5 36. a5 bxa5+ 37. Kxa5 h3 38. Rh7 Ra2 39. Ka4
h2 40. b4 g4 41. b5 g3 42. b6 g2 43. Rxh2 Rxa3+ 44. Kxa3 g1=Q 45. Rb2 Qa1+ 46.
Kb3 Qa6 47. Kc3 Qc4+ 48. Kd2 d4 49. Kd1 Qc3 50. Rb5+ Ke4 51. b7 Qd3+ 0-1

[Event "77 España ch 2012"]
[Site "Maspalomas ESP"]
[Date "2012.10.02"]
[Round "4.2"]
[White "Perez Candelario, Manuel"]
[Black "Munoz Pantoja, Miguel"]
[Result "1/2-1/2"]
[WhiteElo "2575"]
[BlackElo "2476"]
[PlyCount "95"]
[EventDate "2012.09.29"]
[EventType "swiss"]
[EventRounds "9"]
[EventCountry "ESP"]
[Source "lmi"]
[SourceDate "2012.09.29"]

1. e4 c5 2. Nc3 Nc6 3. Nge2 Nf6 4. d4 cxd4 5. Nxd4 e5 6. Ndb5 d6 7. Bg5 a6 8.
Na3 b5 9. Nd5 Be7 10. Bxf6 Bxf6 11. c4 b4 12. Nc2 O-O 13. g3 Rb8 14. b3 Bg5 15.
h4 Bh6 16. Bh3 Be6 17. Kf1 a5 18. Kg2 Ne7 19. Nxe7+ Qxe7 20. Qd3 Qb7 21. Bxe6
fxe6 22. Rad1 Rf6 23. Rhf1 Rbf8 24. Qe2 Qb6 25. Rd3 Qc5 26. Ne1 g6 27. Rf3 Qc6
28. Rxf6 Rxf6 29. Nf3 Qc5 30. h5 Bf8 31. hxg6 Rxg6 32. Rh1 Be7 33. Qd2 Kg7 34.
Rh5 h6 35. Rh1 Bd8 36. Qe2 Bb6 37. Ne1 Qc7 38. Rh4 Kh7 39. Qh5 Qg7 40. Nd3 Bd4
41. Qe2 Rg5 42. Kh3 Qg6 43. Qf3 Kg7 44. Kg2 Kg8 45. Kh3 Kg7 46. Kg2 Kg8 47. Kf1
Kg7 48. Kg2 1/2-1/2

[Event "77 España ch 2012"]
[Site "Maspalomas ESP"]
[Date "2012.10.02"]
[Round "4.3"]
[White "Gonzalez De La Torre, Santiago"]
[Black "Arizmendi Martinez, Julen Luis"]
[Result "0-1"]
[WhiteElo "2442"]
[BlackElo "2560"]
[PlyCount "52"]
[EventDate "2012.09.29"]
[EventType "swiss"]
[EventRounds "9"]
[EventCountry "ESP"]
[Source "lmi"]
[SourceDate "2012.09.29"]

1. e4 e6 2. d4 d5 3. Nc3 Bb4 4. e5 Ne7 5. a3 Bxc3+ 6. bxc3 b6 7. Qg4 Ng6 8. h4
h5 9. Qf3 Ba6 10. Bxa6 Nxa6 11. Bg5 Qd7 12. Ne2 Qa4 13. Ng3 Qc4 14. Rh3 c5 15.
Rd1 cxd4 16. cxd4 Nb8 17. c3 Nd7 18. Nxh5 Rh7 19. g4 Rc8 20. Qd3 Qxd3 21. Rhxd3
Rc4 22. Ra1 Ndxe5 23. Rg3 Nxg4 24. Nxg7+ Rxg7 25. Rxg4 Nxh4 26. Ke2 Nf5 0-1

[Event "77 España ch 2012"]
[Site "Maspalomas ESP"]
[Date "2012.10.02"]
[Round "4.4"]
[White "Anton Guijarro, David"]
[Black "Forcen Esteban, Daniel"]
[Result "1-0"]
[WhiteElo "2546"]
[BlackElo "2469"]
[PlyCount "149"]
[EventDate "2012.09.29"]
[EventType "swiss"]
[EventRounds "9"]
[EventCountry "ESP"]
[Source "lmi"]
[SourceDate "2012.09.29"]

1. d4 Nf6 2. Nf3 c5 3. d5 d6 4. Nc3 g6 5. e4 Bg7 6. Bb5+ Bd7 7. a4 O-O 8. h3
Bxb5 9. axb5 Nbd7 10. Qe2 a6 11. bxa6 Qb6 12. Nd2 Rxa6 13. Rxa6 bxa6 14. O-O a5
15. Na4 Qb4 16. b3 Nh5 17. Nc4 Ne5 18. Bd2 Qb5 19. Nc3 Qa6 20. g4 Nf6 21. Nxe5
Qxe2 22. Nxe2 dxe5 23. f3 e6 24. dxe6 fxe6 25. Bxa5 Bh6 26. Bc3 Nd7 27. Kf2 Kf7
28. Ra1 Rb8 29. Nc1 Bf8 30. Ra7 Ke8 31. Ra6 c4 32. Rxe6+ Kf7 33. Rc6 Bh6 34.
Bb2 Bxc1 35. Bxc1 cxb3 36. cxb3 Rxb3 37. Bg5 Rb8 38. Rd6 Rb7 39. Rc6 Nf8 40.
Rf6+ Kg7 41. Rd6 Kf7 42. Rd5 Nd7 43. h4 Ke6 44. Ra5 Rc7 45. Ra6+ Kf7 46. h5 Rc8
47. Rd6 Rc7 48. Kg3 Rb7 49. Kh4 Ra7 50. Be3 Rc7 51. Bd2 Rb7 52. Kg5 Nf8 53. Bc3
Rb3 54. Rc6 Ne6+ 55. Kh6 Rb5 56. Ra6 Rc5 57. Ba1 g5 58. Bb2 Kf6 59. f4 gxf4 60.
g5+ Kf7 61. g6+ hxg6 62. hxg6+ Kf6 63. g7 Rc8 64. Ra5 Kf7 65. Bxe5 f3 66. Ra3
Kg8 67. Rxf3 Rc1 68. Ra3 Rh1+ 69. Kg6 Rg1+ 70. Bg3 Nd8 71. e5 Rf1 72. Bh4 Rg1+
73. Bg5 Rd1 74. Ra8 Rd6+ 75. Kf5 1-0

[Event "77 España ch 2012"]
[Site "Maspalomas ESP"]
[Date "2012.10.02"]
[Round "4.5"]
[White "Camacho Collados, Marcos"]
[Black "Alonso Rosell, Alvar"]
[Result "0-1"]
[WhiteElo "2436"]
[BlackElo "2528"]
[PlyCount "76"]
[EventDate "2012.09.29"]
[EventType "swiss"]
[EventRounds "9"]
[EventCountry "ESP"]
[Source "lmi"]
[SourceDate "2012.09.29"]

1. d4 Nf6 2. Nf3 e6 3. e3 b6 4. Bd3 Bb7 5. Nbd2 d5 6. O-O Bd6 7. b3 O-O 8. Bb2
Ne4 9. c4 Nd7 10. Ne5 c5 11. f4 f5 12. Ndf3 Ndf6 13. Qe2 Qe7 14. Rfd1 Rac8 15.
cxd5 exd5 16. dxc5 bxc5 17. Ba6 Rb8 18. Bxb7 Qxb7 19. Rac1 a5 20. Ba1 Ra8 21.
Nh4 Qc8 22. Nef3 Qe6 23. Qd3 d4 24. exd4 Bxf4 25. Rc4 Ng4 26. d5 Qd6 27. Nxf5
Bxh2+ 28. Kf1 Ng3+ 29. Nxg3 Qxg3 30. Rd2 Rae8 31. Re4 Bg1 32. Kxg1 Rxe4 33.
Qxe4 Rxf3 34. Be5 Nxe5 35. d6 Rf8 36. d7 Ng4 37. Qe6+ Kh8 38. Qxg4 Qe1+ 0-1

[Event "77 España ch 2012"]
[Site "Maspalomas ESP"]
[Date "2012.10.02"]
[Round "4.6"]
[White "Alsina Leal, Daniel"]
[Black "Todorcevic Antic, Miodrag"]
[Result "1/2-1/2"]
[WhiteElo "2528"]
[BlackElo "2420"]
[PlyCount "136"]
[EventDate "2012.09.29"]
[EventType "swiss"]
[EventRounds "9"]
[EventCountry "ESP"]
[Source "lmi"]
[SourceDate "2012.09.29"]

1. e4 g6 2. d4 Bg7 3. Nc3 d6 4. f4 Nc6 5. Be3 Nf6 6. Nf3 O-O 7. e5 Ng4 8. Bg1
dxe5 9. dxe5 Qxd1+ 10. Rxd1 f6 11. h3 Nh6 12. Nb5 fxe5 13. Nxc7 Rb8 14. fxe5
Nf5 15. Bf2 b6 16. Bc4+ Kh8 17. Be2 Nxe5 18. Ng5 Bf6 19. Nge6 Bxe6 20. Nxe6
Rfc8 21. c3 Nc4 22. Bxc4 Rxc4 23. O-O Re4 24. Rfe1 Rxe1+ 25. Bxe1 Kg8 26. Rd7
Kf7 27. Nf4 a5 28. Bf2 Be5 29. Nd3 Bd6 30. c4 h5 31. Ra7 h4 32. Kf1 Ng3+ 33.
Ke1 g5 34. Bxg3 hxg3 35. Ke2 Kf6 36. b3 Kf5 37. c5 bxc5 38. Rxa5 Ke4 39. Nxc5+
Bxc5 40. Rxc5 Rf8 41. Rc4+ Kd5 42. Kd3 Rf2 43. Rc2 Rf1 44. Re2 e5 45. Re3 Rd1+
46. Ke2 Ra1 47. Rxg3 Rxa2+ 48. Kd3 Rb2 49. Kc3 Re2 50. Rxg5 Re3+ 51. Kb4 Kd4
52. Rg8 Re1 53. Rd8+ Ke3 54. Kc5 Rc1+ 55. Kb5 e4 56. b4 Kf2 57. g4 e3 58. Rf8+
Kg2 59. Re8 Kf2 60. Ka6 e2 61. b5 Ra1+ 62. Kb7 Ra3 63. Rxe2+ Kxe2 64. h4 Ra4
65. g5 Rxh4 66. b6 Rg4 67. Kc7 Rxg5 68. b7 Rg7+ 1/2-1/2